01009 2200325 4500001002100000005001500021035002000036007000300056008004100059020002200100082001600122084001800138100003700156245010500193250002000298300004800318650001000366700003200376504003300408264006000441336002100501337003000522338002300552040002200575090002200597090002200619850001200641041000800653990002200661INLIS00000000084587820190412010446 a0010-0419000737ta190412s2018 yoia g | ind d a978-602-6509-26-004223a746.662 a746.662 SUG k0 aSugeng Wardoyod1975-ePengarang10aKreasi motif pada produk tie-dye (ikat celup) di kota Yogyakarta /cSugeng Wardoyo, Suryo Tri Widodo aCetakan pertama aviii, 123 halaman :bfoto berwarna ;c23 cm 4aBatik0 aSuryo Tri WidodoePengarang aBibliografi: halaman 109-110 aYogyakarta :bInstitut Seni Indonesia Yogyakarta,c2018 2rdacontentateks 2rdamediaatanpa perantara 2rdacarrieravolume aYOPDYOGbinderda aDEP 746.662 SUG k aCB-D.11 2018-1506 aYOPDYOG0 aind aCB-D.11/2018-1506